<?xml version="1.0" encoding="UTF-8"?>
<record
    xmlns:xsi="http://www.w3.org/2001/XMLSchema-instance"
    xsi:schemaLocation="http://www.loc.gov/MARC21/slim http://www.loc.gov/standards/marcxml/schema/MARC21slim.xsd"
    xmlns="http://www.loc.gov/MARC21/slim">

  <leader>01826nam a22002417a 4500</leader>
  <datafield tag="999" ind1=" " ind2=" ">
    <subfield code="c">6631</subfield>
    <subfield code="d">6631</subfield>
  </datafield>
  <controlfield tag="003">DO-SdBJH</controlfield>
  <controlfield tag="005">20210930135236.0</controlfield>
  <controlfield tag="008">210930b           ||||| |||| 00| 0 spa d</controlfield>
  <datafield tag="040" ind1=" " ind2=" ">
    <subfield code="a">DO-SdBJH</subfield>
    <subfield code="b">spa</subfield>
    <subfield code="c">DO-SdBJH</subfield>
  </datafield>
  <datafield tag="090" ind1=" " ind2=" ">
    <subfield code="a">TG AMBC</subfield>
    <subfield code="b">01724 2020</subfield>
  </datafield>
  <datafield tag="100" ind1="1" ind2=" ">
    <subfield code="a">Espinal Vargas, Nellys Camila</subfield>
    <subfield code="e">sustentante</subfield>
  </datafield>
  <datafield tag="245" ind1="1" ind2="0">
    <subfield code="a">El respeto de los Derechos Humanos por parte de la primera Brigada de Infanter&#xED;a en las operaciones de Seguridad Ciudadana realizadas por el Ej&#xE9;rcito de la Rep&#xFA;blica Dominicana / </subfield>
    <subfield code="c">Nellys Camila Espinal Vargas, Jos&#xE9; Enrique Camilo Paniagua, asesores Wascar Francisco Zapata Ram&#xED;rez, Johany Josefina Acevedo Cabrera</subfield>
  </datafield>
  <datafield tag="260" ind1=" " ind2=" ">
    <subfield code="a">Santo Domingo Este :</subfield>
    <subfield code="b">INSUDE, </subfield>
    <subfield code="c">2020</subfield>
  </datafield>
  <datafield tag="300" ind1=" " ind2=" ">
    <subfield code="a">v, 73 p&#xE1;ginas</subfield>
  </datafield>
  <datafield tag="502" ind1=" " ind2=" ">
    <subfield code="a">Trabajo de grado (Licenciatura en Ciencias Militares) -- Instituto Superior para la Defensa (INSUDE). &#x2013; Academia Militar del Ej&#xE9;rcito de Rep&#xFA;blica Dominicana &#x201C;Batalla de las Carreras&#x201D; 2020</subfield>
  </datafield>
  <datafield tag="504" ind1=" " ind2=" ">
    <subfield code="a">Incluye referencias bibliogr&#xE1;ficas e &#xED;ndices</subfield>
  </datafield>
  <datafield tag="505" ind1=" " ind2=" ">
    <subfield code="a">Caracter&#xED;sticas de las operaciones de seguridad ciudadana que realiza la primera Brigada de Infanter&#xED;a; ERD. -- Importancia del respeto de los Derechos Humanos en las operaciones de las brigadas de infanter&#xED;a del Ej&#xE9;rcito de Rep&#xFA;blica Dominicana. -- Marco legal e institucional relacionado con los Derechos Humanos utilizados para regular las operaciones de seguridad ciudadana desarrolladas por la primera brigada de infanter&#xED;a del ERD en su &#xE1;rea de responsabilidad</subfield>
  </datafield>
  <datafield tag="700" ind1="1" ind2=" ">
    <subfield code="a"> Camilo Paniagua, Jos&#xE9; Enrique</subfield>
    <subfield code="e">sustentante</subfield>
  </datafield>
  <datafield tag="700" ind1="1" ind2=" ">
    <subfield code="a"> Zapata Ram&#xED;rez, Wascar Francisco</subfield>
    <subfield code="e">asesor</subfield>
  </datafield>
  <datafield tag="700" ind1="1" ind2=" ">
    <subfield code="a"> Acevedo Cabrera, Johany Josefina</subfield>
    <subfield code="e">asesor</subfield>
  </datafield>
  <datafield tag="830" ind1=" " ind2=" ">
    <subfield code="a">INSUDE.  Academia Militar del Ej&#xE9;rcito de Rep&#xFA;blica Dominicana &#x201C;Batalla de las Carreras&#x201D;. Tesis y disertaciones acad&#xE9;micas</subfield>
  </datafield>
  <datafield tag="942" ind1=" " ind2=" ">
    <subfield code="2">CL</subfield>
    <subfield code="c">T</subfield>
  </datafield>
  <datafield tag="952" ind1=" " ind2=" ">
    <subfield code="0">0</subfield>
    <subfield code="1">0</subfield>
    <subfield code="2">CL</subfield>
    <subfield code="4">0</subfield>
    <subfield code="7">1</subfield>
    <subfield code="8">TG</subfield>
    <subfield code="a">BJHA</subfield>
    <subfield code="b">BJHA</subfield>
    <subfield code="d">2021-09-30</subfield>
    <subfield code="i">01724</subfield>
    <subfield code="l">0</subfield>
    <subfield code="o">TG AMBC 01724 2020</subfield>
    <subfield code="p">01724</subfield>
    <subfield code="r">2021-09-30 00:00:00</subfield>
    <subfield code="t">e.1</subfield>
    <subfield code="w">2021-09-30</subfield>
    <subfield code="y">T</subfield>
  </datafield>
</record>
